Landlords' consents (Record no. 109374)
[ view plain ]
| 000 -LEADER | |
|---|---|
| fixed length control field | 01343cam a22002535a 4500 |
| 001 - CONTROL NUMBER | |
| control field | E146975 |
| 008 - FIXED-LENGTH DATA ELEMENTS--GENERAL INFORMATION | |
| fixed length control field | 090318s2009 xxk f 000 0 eng d |
| 020 ## - INTERNATIONAL STANDARD BOOK NUMBER | |
| International Standard Book Number | 9781842194485 |
| 035 ## - SYSTEM CONTROL NUMBER | |
| System control number | (Sirsi) u146975 |
| 041 0# - LANGUAGE CODE | |
| Language code of text/sound track or separate title | eng |
| 050 04 - LIBRARY OF CONGRESS CALL NUMBER | |
| Classification number | 346.410434 $2 18 |
| 100 1# - MAIN ENTRY--PERSONAL NAME | |
| Personal name | Kidd, Daniel |
| 245 00 - TITLE STATEMENT | |
| Title | Landlords' consents |
| Remainder of title | a practical guide |
| 260 ## - PUBLICATION, DISTRIBUTION, ETC. | |
| Place of publication, distribution, etc. | Coventry |
| Name of publisher, distributor, etc. | RICS |
| Date of publication, distribution, etc. | 2009 |
| 300 ## - PHYSICAL DESCRIPTION | |
| Extent | xxviii, 340p. |
| Dimensions | 24cm. |
| 505 2# - FORMATTED CONTENTS NOTE | |
| Formatted contents note | Preface -- List of Acts, Statutory Instruments and abbreviations -- Table of cases -- Introduction: how to approach landlords' consents -- Identifying the need for consent -- Alienation -- Alterations -- Changing use -- Applying for consent -- Responding to an application -- Refusing consent or imposing conditions -- Costs and premiums -- Granting consent -- Enforcing rights -- Appendices: key words and concepts explained; transformation of qualified convenants; selected legislation -- References |
| 520 ## - SUMMARY, ETC. | |
| Summary, etc. | Offers guidance to surveyors on dealing with restrictions on how a tenant may assign, sublet, maker alterations to, or change the use of, a property. Includes case studies, checklists and sample letters. |
| 521 ## - TARGET AUDIENCE NOTE | |
| Target audience note | Advanced |
| 590 ## - LOCAL NOTE (RLIN) | |
| Local note | KA |
| 651 #4 - SUBJECT ADDED ENTRY--GEOGRAPHIC NAME | |
| Geographic name | England and Wales |
| Chronological subdivision | 1543- |
| 690 ## - LOCAL SUBJECT ADDED ENTRY--TOPICAL TERM (OCLC, RLIN) | |
| Topical term or geographic name as entry element | PROPERTY-LEASEHOLD PROPERTY-LANDLORD AND TENANT |
| 700 1# - ADDED ENTRY--PERSONAL NAME | |
| Personal name | Higgins, Gabrielle |
| 942 ## - ADDED ENTRY ELEMENTS (KOHA) | |
| Suppress in OPAC | 0 |
| Withdrawn status | Lost status | Source of classification or shelving scheme | Damaged status | Not for loan | Home library | Current library | Shelving location | Date acquired | Total Checkouts | Full call number | Barcode | Date last seen | Copy number | Price effective from | Koha item type | Date last checked out |
|---|---|---|---|---|---|---|---|---|---|---|---|---|---|---|---|---|
| Dewey Decimal Classification | London | London | RICS Boxes | 19/03/2009 | RICS 2009/4 | 30076701 | 06/08/2019 | 1 | 06/08/2019 | Archive | ||||||
| Dewey Decimal Classification | London | London | Books | 19/03/2009 | 346.410434 KID | 30076702 | 06/08/2019 | 1 | 06/08/2019 | Reference material | ||||||
| Dewey Decimal Classification | London | London | Books | 08/04/2009 | 6 | 346.410434 KID | 30076209 | 06/08/2019 | 4 | 06/08/2019 | Book | 08/01/2010 |